| 000 | 00576nam a2200169 4500 | ||
|---|---|---|---|
| 001 | 120078 | ||
| 003 | ES-MaACL | ||
| 005 | 20230906191448.0 | ||
| 007 | t| | ||
| 008 | 070214s1970 xxu r ||||1| spa d | ||
| 100 | 1 |
_aPiñeyro, Enrique. _992287 |
|
| 245 | 1 | 0 |
_aMorales Lemus y la revolución de Cuba / _cEnrique Piñeyro ; estudio preliminar y bibliografía de Carlos Ripoll. |
| 260 |
_aNueva York : _bUnión de Cubanos en el Exilio, _c1970. |
||
| 300 |
_aXXII, 153 p. ; _c20 cm. |
||
| 710 | 2 |
_aUnión de Cubanos en el Exilio. _97008 |
|
| 852 |
_aES-MaACL _jC-44789 _bR.79426 |
||
| 999 |
_c120078 _d120078 |
||